W dziesiątą rocznicą powstania Polskiej Partii Robotniczej (materialy i dokumenty) styczeń 1942 roku - grudzień 1948 roku /

Další autoři: Markowa, E., Góra, Władysław, 1918-2009
Jazyk: Polština
Vydáno: Warszawa : Książka i Wiedza, 1952
Fyzický popis: 644 s.
Knihy
Uloženo v:
LEADER 00754nam a22002052a 4500
001 001466307
003 CZ BrMZK
005 20151013130308.0
007 ta
008 150415s1952 pl er|||||||||||pol d
040 |a BOA001  |b cze 
245 0 0 |a W dziesiątą rocznicą powstania Polskiej Partii Robotniczej (materialy i dokumenty) styczeń 1942 roku - grudzień 1948 roku /  |c materiały i dokumenty zebrali E. Markowa, W. Góra 
260 |a Warszawa :  |b Książka i Wiedza,  |c 1952 
300 |a 644 s. 
700 1 |a Markowa, E.  |4 edt 
700 1 |a Góra, Władysław,  |d 1918-2009  |7 mzk2006348784  |4 edt 
910 |a BOA001  |b 2-0296.932 
990 |a BK 
991 |b 201504 
996 7 |b 2618839678  |c 2-0296.932  |l MZK  |r Sklad / do 24 hodin  |n 0  |w 001501488  |u 000010  |a 1  |e BOA001  |j MZK50  |s A